[Event "HUN-chT1"]
[Site "HUN"]
[Date "1995.??.??"]
[Round "?"]
[White "Skomorokhin, Roman"]
[Black "Almasi, Zoltan"]
[Result "0-1"]
[WhiteElo "2465"]
[BlackElo "2590"]

1.d4 Nf6 2.c4 e6 3.Nc3 Bb4 4.Qc2 O-O 5.a3 Bxc3+ 6.Qxc3 b6 7.Bg5 Bb7 8.e3 d6
9.f3 Nbd7 10.Bd3 c5 11.Ne2 Rc8 12.b4 h6 13.Bh4 d5 14.dxc5 bxc5 15.b5 Ne4
16.Bxd8 Nxc3 17.Ba5 Ne5 18.Kd2 Na4 19.Rhb1 Nb6 20.Bxb6 axb6 21.Nc1 Rfd8 22.Be2 dxc4+
23.Kc3 Ra8 24.a4 Ra5 25.Ra3 Ng6 26.Kc2 Nh4 27.Bf1 g5 28.h3 h5 29.Rba1 g4
30.hxg4 hxg4 31.Rc3 gxf3 32.gxf3 Bxf3 33.Rxc4 Nf5 34.Ra3 Nd6 35.Rh4 Be4+
36.Kb2 Bg6 37.Nb3 Raa8 38.a5 Nf5 39.Rh3 bxa5 40.Rxa5 Rac8 41.Ra4 Nd6 42.Rhh4 Nf5
43.Rh3 Rd1 44.Ra1 Rxa1 45.Nxa1 Nd6 46.Nc2 c4 47.Rh4 c3+ 48.Kc1 Ra8 49.Rd4 Ra2
50.Bd3 Bxd3 51.Rxd3 Nxb5 52.Rd8+ Kg7 53.Rc8 Na3 54.Nxa3 Rxa3 55.Kc2 Kg6 56.Rc7 f6
57.Rc5 e5 58.e4 Kg5 59.Rc6 Kf4 60.Rxf6+ Kxe4 61.Rf8 Kd4 62.Rd8+ Ke3 63.Rh8 e4
64.Re8 Kf3 65.Rf8+ Ke2 66.Rf7 e3 67.Rh7 Kf2 68.Rf7+ Ke1 69.Re7 e2 70.Rh7 Ra5
71.Kxc3 Rc5+ 72.Kb4 Rf5 73.Kc3 Kf1  0-1

[Event "HUN-chT1"]
[Site "HUN"]
[Date "1995.??.??"]
[Round "?"]
[White "Chernin, Alexander"]
[Black "Almasi, Zoltan"]
[Result "1/2-1/2"]
[WhiteElo "2600"]
[BlackElo "2590"]

1.c4 e5 2.Nc3 Nf6 3.Nf3 Nc6 4.a3 g6 5.g3 Bg7 6.Bg2 O-O 7.O-O Re8 8.e4 d6
9.d3 Bg4 10.h3 Bxf3 11.Bxf3 Nd4 12.Bg2 a5 13.b3 Nd7 14.Rb1 Nc5 15.Ne2 Nxe2+
16.Qxe2 c6 17.Be3 Ne6 18.Qd2 h5 19.f4 exf4 20.gxf4 Nd4 21.f5 gxf5 22.Qf2 Qf6
23.Kh1 Re6 24.Bxd4  1/2-1/2

[Event "HUN-chT1"]
[Site "HUN"]
[Date "1995.??.??"]
[Round "?"]
[White "Almasi, Zoltan"]
[Black "Vigh, Bela"]
[Result "1-0"]
[WhiteElo "2590"]
[BlackElo "2370"]

1.e4 e6 2.d4 d5 3.Nc3 Bb4 4.e5 c5 5.a3 Ba5 6.b4 cxd4 7.Nb5 Bc7 8.f4 Ne7 9.Nf3 Bd7
10.Bd3 Bxb5 11.Bxb5+ Nbc6 12.Bd3 Bb6 13.O-O a6 14.Bd2 g6 15.g4 Qc7 16.a4 a5
17.b5 Nb4 18.Qe2 Bc5 19.Kg2 h6 20.Be1 Kd7 21.Bg3 Rag8 22.Nd2 Bb6 23.Nb3 Rc8
24.Rfc1 h5 25.h3 hxg4 26.hxg4 Rh7 27.Nd2 Nxd3 28.Qxd3 Qc3 29.Nf3 Rhh8 30.Ng5 Ke8
31.Be1 Qc4 32.Bf2 Rc7 33.Qf3 Qc3 34.Qd3 Qc4 35.Be1 Kd7 36.Nxf7 Rf8 37.Nd6 Qxd3
38.cxd3 Rxf4 39.Rxc7+ Bxc7 40.Bd2 Rf8 41.Nxb7 Bxe5 42.Re1 Bd6 43.Nxd6 Kxd6
44.Bxa5 Ra8 45.Bb4+ Kd7 46.a5 Rb8 47.b6 Nc6 48.Bd2 e5 49.Rb1 e4 50.a6 e3
51.Be1 Ra8 52.a7 e2 53.Bg3 g5 54.Kf2 Nxa7 55.b7 Rf8+ 56.Kxe2 Nc6 57.b8=Q Nxb8
58.Rxb8  1-0

[Event "HUN-chT1"]
[Site "HUN"]
[Date "1995.??.??"]
[Round "?"]
[White "Almasi, Zoltan"]
[Black "Szuk, Balazs"]
[Result "1-0"]
[WhiteElo "2590"]
[BlackElo "2335"]

1.e4 c5 2.Nf3 e6 3.d4 cxd4 4.Nxd4 Nf6 5.Nc3 Nc6 6.Ndb5 d6 7.Bf4 e5 8.Bg5 a6
9.Na3 b5 10.Nd5 Be7 11.Bxf6 Bxf6 12.c3 Ne7 13.Nxf6+ gxf6 14.Be2 f5 15.exf5 Bxf5
16.Nc2 Qb6 17.O-O d5 18.a4 O-O 19.Nb4 Qc5 20.Qd2 f6 21.Rfd1 Rfd8 22.axb5 axb5
23.Rxa8 Rxa8 24.Bf1 Rd8 25.Qe2 Bd7 26.Qf3 Bf5 27.Ra1 d4 28.Ra5 dxc3 29.Rxb5 cxb2
30.Qb3+ Kg7 31.Qxb2 Qd4 32.Qa3 Rd7 33.Rb8 Qd6 34.Qa8 Qc5 35.Rh8 Ng6 36.Rg8+ Kh6
37.Qf3 Be6 38.Re8 Bf7 39.Qh3+ Kg7 40.Qxd7 Qxb4 41.Rc8 e4 42.Qg4  1-0

[Event "HUN-chT1"]
[Site "HUN"]
[Date "1995.??.??"]
[Round "?"]
[White "Almasi, Zoltan"]
[Black "Sherzer, Alex"]
[Result "1/2-1/2"]
[WhiteElo "2590"]
[BlackElo "2490"]

1.e4 e5 2.Nf3 Nc6 3.Bb5 Nf6 4.O-O Nxe4 5.d4 Nd6 6.Bxc6 dxc6 7.dxe5 Nf5 8.Qxd8+ Kxd8
9.Rd1+ Ke8 10.Nc3 Ne7 11.Nd4 a6 12.h3 Ng6 13.f4 Bc5 14.Be3 h5 15.Nce2 Ne7
16.Bf2 Bxd4 17.Nxd4 h4 18.Rd2 Nf5 19.Rad1  1/2-1/2

[Event "HUN-chT1"]
[Site "HUN"]
[Date "1995.??.??"]
[Round "?"]
[White "Almasi, Zoltan"]
[Black "Groszpeter, Attila"]
[Result "1-0"]
[WhiteElo "2590"]
[BlackElo "2520"]

1.e4 c5 2.Nf3 d6 3.d4 cxd4 4.Nxd4 Nf6 5.Nc3 Nc6 6.Bg5 e6 7.Qd2 a6 8.O-O-O h6
9.Be3 Be7 10.f4 Bd7 11.Qe1 Qc7 12.Nf3 O-O 13.Kb1 b5 14.e5 Nd5 15.Nxd5 exd5
16.Qg3 Bf5 17.Bd3 Qd7 18.Bd4 dxe5 19.fxe5 Be6 20.Be3 Kh8 21.Nd4 Nxd4 22.Bxd4 b4
23.Rdf1 Rg8 24.h4 a5 25.Qe3 b3 26.cxb3 a4 27.b4 Bxb4 28.Rf6 Bf8 29.Rf2 Rb8
30.Ka1 Rb4 31.Bb1 a3 32.Qd3 axb2+ 33.Rxb2 Bf5 34.Qe3 Kh7 35.Rxb4 Bxb4 36.Rf1 Bxb1
37.Rxb1 Be7 38.Qd3+ g6 39.h5 Qf5 40.Qxf5 gxf5 41.Rb7 Rg4 42.Rxe7 Rxd4 43.Rxf7+ Kg8
44.Rxf5 Rd1+ 45.Kb2 Rd2+ 46.Kb3 Rxg2 47.a4 d4 48.a5 d3 49.a6 Rg1 50.Kc3 Ra1
51.Rf6 Ra5 52.Rg6+ Kf7 53.Rxh6 Rxe5 54.a7  1-0

[Event "HUN-chT1"]
[Site "HUN"]
[Date "1995.??.??"]
[Round "?"]
[White "Almasi, Zoltan"]
[Black "Bilek, Istvan"]
[Result "1-0"]
[WhiteElo "2590"]
[BlackElo "2395"]

1.e4 c5 2.Nf3 a6 3.c3 Nf6 4.e5 Nd5 5.d4 cxd4 6.cxd4 d6 7.Bc4 Nb6 8.Bb3 e6
9.Nc3 Nc6 10.Qe2 d5 11.O-O Be7 12.Bc2 Bd7 13.Bf4 Rc8 14.Rac1 Nc4 15.Bd3 Nb4
16.Bb1 h6 17.Be3 Qb6 18.Ne1 Nc6 19.Na4 Qa5 20.b3 Na3 21.Qg4 Kf8 22.Nc5 Rc7
23.Bd3 Nb5 24.Bxb5 axb5 25.Nxd7+ Rxd7 26.Qe2 Ba3 27.Rc2 Qb6 28.f4 g6 29.Qf2 Ne7
30.Nd3 Rc7 31.Rxc7 Qxc7 32.Qd2 Nf5 33.Bf2 h5 34.Rb1 Kg7 35.b4 Qc4 36.Rb3 Ra8
37.Rc3 Bxb4 38.Rxc4 Bxd2 39.Rc2 Be3 40.Bxe3 Nxe3 41.Rb2 Ra4 42.Rxb5 Rxd4
43.Rb3 Nc4 44.Kf2 b6 45.g3 Na5 46.Rc3 Ra4 47.Rc2 Nc4 48.Nc1 g5 49.Nd3 Kg6
50.fxg5 Kxg5 51.Re2 Ra3 52.Ne1 Kg4 53.Nc2 h4 54.Nxa3 hxg3+ 55.hxg3 Nxa3 56.Ke3 Kxg3
57.Kd4 Nb5+ 58.Kd3 Kf4 59.Rb2 Na3 60.Kd4 Kf5 61.Rxb6 Nc4 62.Rb1 Nd2 63.Rb7 Nf3+
64.Kc5 Nxe5 65.a4 Nc4 66.Rxf7+ Ke4 67.Rf1 Ne3 68.Re1 d4 69.a5 d3 70.a6 d2
71.Rh1 Nd5 72.a7  1-0

[Event "HUN-chT1 9596"]
[Site "HUN"]
[Date "1995.??.??"]
[Round "1"]
[White "Almasi, Zoltan"]
[Black "Szekely, Peter"]
[Result "1/2-1/2"]
[WhiteElo "2645"]
[BlackElo "2435"]

1.e4 c5 2.Nf3 d6 3.d4 cxd4 4.Nxd4 Nf6 5.Nc3 a6 6.f4 e5 7.Nf3 Nbd7 8.a4 Be7
9.Bd3 O-O 10.O-O exf4 11.Bxf4 Ne5 12.Qd2 Nxf3+ 13.Rxf3 Bg4 14.Rg3 Bh5 15.a5 Bg6
16.Be3 Rc8 17.Bb6 Qd7 18.Rf1 Bd8 19.Bd4 Qe6 20.b4 Nd7 21.Nd5 Ne5 22.Qf4 Kh8
23.Bxe5 dxe5 24.Qe3 f6 25.c4 Bf7 26.Be2 Qc6 27.Qd3 Be6 28.Qd1 f5 29.exf5 Bxd5
30.cxd5 Qd6 31.Rh3 e4 32.Qd4 Bf6 33.Qxe4 Rfe8 34.Qg4 Qxd5 35.Qg6 Qd4+ 36.Kh1 h6
37.Bf3 Re7 38.g4 Rce8 39.Bg2 Re1 40.Rf3 Rxf1+ 41.Rxf1 Re7 42.Rc1 Rc7 43.Qe8+ Kh7
44.Re1 Re7 45.Rxe7 Bxe7 46.Qg6+ Kh8 47.Qe8+ Kh7 48.Qg6+  1/2-1/2

[Event "HUN-chT1 9596"]
[Site "HUN"]
[Date "1995.??.??"]
[Round "4"]
[White "Bilek, Istvan"]
[Black "Almasi, Zoltan"]
[Result "0-1"]
[WhiteElo "2395"]
[BlackElo "2590"]

1.d4 Nf6 2.c4 e6 3.Nf3 b6 4.g3 Ba6 5.b3 Bb7 6.Bg2 Bb4+ 7.Bd2 a5 8.O-O O-O
9.Bf4 a4 10.a3 axb3 11.Qxb3 Be7 12.Nc3 Nc6 13.d5 Na5 14.Qa2 Bc5 15.Rfd1 Qe7
16.Bg5 h6 17.Bxf6 Qxf6 18.Ne4 Qe7 19.Nxc5 Qxc5 20.Ne5 Rad8 21.Qb2 Ba6 22.Nd3 Qd6
23.c5 bxc5 24.Qc3 Nc4 25.e4 exd5 26.exd5 Rfe8 27.Rac1 Ra8 28.Bf1 Bb5 29.Ra1 Nb6
30.Qxc5 Qxc5 31.Nxc5 Bxf1 32.Kxf1 d6 33.Nb3 Re5 34.a4 Rxd5 35.Rxd5 Nxd5 36.a5 Kf8
37.Rd1 Nb4 38.Rd4 Nc6 39.Rc4 Ra6 40.Ke2 Ke7  0-1

[Event "HUN-chT1 9596"]
[Site "HUN"]
[Date "1995.??.??"]
[Round "5"]
[White "Almasi, Zoltan"]
[Black "Fogarasi, Tibor"]
[Result "1-0"]
[WhiteElo "2590"]
[BlackElo "2500"]

1.e4 c5 2.Nf3 Nc6 3.d4 cxd4 4.Nxd4 Nf6 5.Nc3 d6 6.Bg5 e6 7.Qd2 a6 8.O-O-O h6
9.Be3 Nxd4 10.Bxd4 b5 11.f3 Be7 12.Qf2 b4 13.Na4 Bb7 14.Nb6 Rb8 15.Bc4 Qc7
16.Bb3 O-O 17.h4 d5 18.exd5 Nxd5 19.Nxd5 Bxd5 20.Bxd5 exd5 21.Kb1 Bd6 22.g4 Rfe8
23.b3 Re6 24.Bb2 Rbe8 25.Qd4 Be5 26.Qxb4 Bxb2 27.Kxb2 Re2 28.Rd2 Qe5+ 29.Kb1 Qf6
30.Rxe2 Rxe2 31.Rf1 Qxh4 32.Qc3 Re6 33.Rd1 Qf6 34.Qxf6 Rxf6 35.Rxd5 Rxf3
36.c4 Kf8 37.c5 Ke7 38.Kb2 Rf6 39.Rd4 Rc6 40.b4 Ke6 41.Kb3 f5 42.Kc4 fxg4
43.Rxg4 g5 44.a4 Kd7 45.Rd4+ Kc7 46.b5 axb5+ 47.axb5 Rf6 48.Re4 h5 49.Re7+ Kd8
50.Rg7 h4 51.b6 Kc8 52.Kb5  1-0

[Event "HUN-chT1 9596"]
[Site "HUN"]
[Date "1995.??.??"]
[Round "6"]
[White "Almasi, Zoltan"]
[Black "Kallai, Gabor"]
[Result "1/2-1/2"]
[WhiteElo "2590"]
[BlackElo "2500"]

1.e4 c6 2.d4 d5 3.Nc3 dxe4 4.Nxe4 Nd7 5.Ng5 Ngf6 6.Bd3 e6 7.N1f3 Bd6 8.Qe2 h6
9.Ne4 Nxe4 10.Qxe4 c5 11.Bd2 Qc7 12.O-O c4 13.Be2 Nf6 14.Qh4 Bd7 15.Ne5 Bxe5
16.dxe5 Qxe5 17.Bf3 Bc6 18.Bxc6+ bxc6 19.Bc3 Qf5 20.Qxc4 O-O 21.Bxf6 Qxf6
22.b3 Rac8 23.Rad1 Rfd8 24.Qc5 Rc7 25.g3 g5 26.Rd6 Qe7 27.Rfd1 Rcd7 28.Rxd7 Qxc5
29.Rxd8+ Kg7 30.c4 Qe5 31.R8d7 Qe2 32.R7d2 Qe4 33.Rd7 Qe2 34.R1d2 Qe1+ 35.Kg2 g4
36.R2d4 h5 37.Rf4 Kg6 38.Rdxf7 e5 39.R4f6+ Kg5 40.Rf5+ Kg6 41.R5f6+ Kg5 42.f4+ exf4
43.Rxf4 Qe2+ 44.Rf2 Qe4+ 45.Kg1 Qb1+ 46.Rf1 Qxa2 47.R7f6 Qc2 48.Rxc6 Qxb3
49.Re1 Qc3  1/2-1/2

[Event "CRO-chT"]
[Site "Makarska Tucepi"]
[Date "1995.??.??"]
[Round "?"]
[White "Dizdarevic, Emir"]
[Black "Almasi, Zoltan"]
[Result "1/2-1/2"]
[WhiteElo "2500"]
[BlackElo "2630"]

1.Nf3 Nf6 2.g3 d5 3.Bg2 c6 4.O-O Bg4 5.d4 Nbd7 6.Nbd2 e6 7.Re1 Be7 8.e4 dxe4
9.Nxe4 O-O 10.c3 Re8 11.Qb3 Qb6 12.Ned2 Qc7 13.Nc4 b5 14.Nce5 Bxf3 15.Bxf3 Nxe5
16.Rxe5 Rab8 17.Re1  1/2-1/2

[Event "CRO-chT"]
[Site "Makarska Tucepi"]
[Date "1995.??.??"]
[Round "?"]
[White "Lalic, Bogdan"]
[Black "Almasi, Zoltan"]
[Result "1/2-1/2"]
[WhiteElo "2590"]
[BlackElo "2630"]

1.d4 Nf6 2.c4 e6 3.Nc3 Bb4 4.e3 O-O 5.Bd3 d5 6.Nf3 c5 7.O-O Nc6 8.a3 Bxc3
9.bxc3 Qc7 10.cxd5 exd5 11.Nh4 Ne7 12.a4  1/2-1/2

[Event "Mitropa Cup"]
[Site "?"]
[Date "1995.??.??"]
[Round "3"]
[White "Van Wely, Loek"]
[Black "Almasi, Zoltan"]
[Result "1/2-1/2"]
[WhiteElo "2575"]
[BlackElo "2590"]

1.d4 Nf6 2.c4 e6 3.Nf3 b6 4.Nc3 Bb7 5.a3 d5 6.Bg5 Be7 7.Qa4+ c6 8.Bxf6 Bxf6
9.cxd5 exd5 10.g3 O-O 11.Bg2 c5 12.Rd1 Qe7 13.O-O Rd8 14.Rfe1 Na6 15.e4 dxe4
16.Nxe4 Bxe4 17.Ng5 Qd7 18.Qxd7 Rxd7 19.Nxe4 Rad8 20.d5 Nc7 21.d6 Ne6 22.b4 Bb2
23.bxc5 bxc5 24.Re3 f5 25.Nc3 Bxc3 26.Bd5 Rxd6 27.Bxe6+ Kf8 28.Rxd6 Rxd6
29.Rxc3 Rxe6  1/2-1/2

[Event "Odorheiu Secuiesc zt"]
[Site "Odorheiu Secuiesc"]
[Date "1995.??.??"]
[Round "3"]
[White "Almasi, Zoltan"]
[Black "Dumitrache, Dragos"]
[Result "1-0"]
[WhiteElo "2590"]
[BlackElo "2530"]

1.e4 e5 2.Nf3 Nc6 3.Bb5 Nf6 4.O-O Nxe4 5.d4 Nd6 6.Bxc6 dxc6 7.dxe5 Nf5 8.Qxd8+ Kxd8
9.Rd1+ Ke8 10.Nc3 Ne7 11.Nd4 Ng6 12.Bg5 Bd7 13.Re1 h6 14.Bd2 Bc5 15.Nb3 Be7
16.Ne4 Nxe5 17.Bc3 f6 18.Bxe5 fxe5 19.Nec5 Bc8 20.Nd3 Rf8 21.Nxe5 Rf6 22.Re2 Kf8
23.Rae1 Bd6 24.Nd4 Kg8 25.c3 a6 26.Nc4 Bd7 27.Nxd6 cxd6 28.Re7 Rf7 29.Nb3 Rxe7
30.Rxe7 Rd8 31.Na5 Kf8 32.Re3 Bc8 33.f3 c5 34.Nc4 b5 35.Nd2 Kf7 36.a3 a5
37.Kf2 Be6 38.Ne4 Bd5 39.h4 Rd7 40.g4 a4 41.Nd2 Rb7 42.Rd3 Ke6 43.f4 Bc6
44.f5+ Ke7 45.Re3+ Kf7 46.Kg3 Rb8 47.Kf4 Rd8 48.g5 hxg5+ 49.hxg5 b4 50.g6+ Kf8
51.Rh3 bxa3 52.bxa3 Bd5 53.Kg5 Re8 54.c4 Bg8 55.Rd3 Ke7 56.Ne4 Bxc4 57.Rxd6 Rc8
58.Rb6 Rc7 59.Kf4 Bb3 60.Ke5 c4 61.Nc3 Rc5+ 62.Nd5+ Kd7 63.Rd6+ Ke8 64.Kd4 Rc8
65.f6 gxf6 66.Rxf6 c3 67.g7 Bxd5 68.Rf8+  1-0

[Event "Odorheiu Secuiesc zt"]
[Site "Odorheiu Secuiesc"]
[Date "1995.??.??"]
[Round "5"]
[White "Almasi, Zoltan"]
[Black "Gdanski, Jacek"]
[Result "1/2-1/2"]
[WhiteElo "2590"]
[BlackElo "2490"]

1.e4 e6 2.d4 d5 3.Nc3 Bb4 4.e5 Ne7 5.a3 Bxc3+ 6.bxc3 c5 7.Qg4 Qc7 8.Bd3 c4
9.Be2 O-O 10.f4 f6 11.Nf3 Nbc6 12.a4 Qa5 13.Bd2 b5 14.O-O bxa4 15.Rfb1 Rb8
16.Rxb8 Nxb8 17.Qg3 Nbc6 18.Qe1 Bd7  1/2-1/2

[Event "CRO-Cup"]
[Site "Pula"]
[Date "1995.??.??"]
[Round "1"]
[White "Messing, Hrvoje"]
[Black "Almasi, Zoltan"]
[Result "0-1"]
[WhiteElo "2340"]
[BlackElo "2590"]

1.e4 e5 2.Nf3 Nc6 3.d4 exd4 4.Nxd4 Nf6 5.Nxc6 bxc6 6.e5 Qe7 7.Qe2 Nd5 8.c4 Ba6
9.Nd2 g6 10.b3 Bg7 11.Bb2 O-O 12.O-O-O Rab8 13.Qe4 Nb6 14.f4 Rfe8 15.Bd3 d6
16.Rhe1 dxe5 17.fxe5 Qc5 18.Qd4 Qe7 19.Ne4 Qh4 20.Nc5 Qg5+ 21.Kb1 Rbd8 22.Qe4 Bc8
23.Qxc6 Bg4 24.Ne4 Qh4 25.g3 Qh6 26.Be2 Bf5 27.g4 Bxe4+ 28.Qxe4 Rxd1+ 29.Rxd1 Qxh2
30.c5 Nc8 31.Bc4 Rf8 32.a3 Qf2 33.b4 Ne7 34.Rf1 Qh2 35.Bc3 Qg3 36.Rf3 Qg1+
37.Kb2 Qg2+ 38.Kb3 Kh8 39.Qe3 Qxg4 40.Rxf7 Rxf7 41.Bxf7 Qf5 42.e6 Qb1+ 43.Kc4 Qa2+
44.Kb5 c6+  0-1

[Event "CRO-Cup"]
[Site "Pula"]
[Date "1995.??.??"]
[Round "4"]
[White "Almasi, Zoltan"]
[Black "Lalic, Bogdan"]
[Result "1/2-1/2"]
[WhiteElo "2590"]
[BlackElo "2590"]

1.e4 e5 2.Nf3 Nc6 3.Bb5 a6 4.Ba4 Nf6 5.O-O b5 6.Bb3 Bc5 7.c3 Bb6 8.a4 Rb8
9.d4 d6 10.axb5 axb5 11.Na3 Ba6 12.Re1 h6 13.Nc2 Bb7 14.Ne3 O-O 15.Nf5 Ne7
16.Nxh6+ gxh6 17.Bxh6 Ng6 18.Ng5 Qe7 19.Qd3 Nh7 20.Qg3 Qf6 21.Rad1 Nxg5 22.Bxg5 Qg7
23.h4 Kh8 24.Qe3 Nf4 25.g3 f6 26.Bxf4 exf4 27.Qxf4 Rbe8 28.Bc2 Re7 29.Re3 Bc8
30.Rde1 Be6 31.Bd3 b4 32.Qf3 Qh6 33.Be2 Rg8 34.Qg2 Reg7 35.Bf3 bxc3 36.bxc3 c5
37.d5 c4 38.dxe6 Bxe3 39.Rxe3 Rxg3 40.fxg3 Qxe3+ 41.Kh2 Qxc3 42.Be2 Rb8 43.Qf1 Rc8
44.Qf4 Qe5 45.Qh6+ Kg8 46.Qg6+ Kh8 47.Bh5 Rf8 48.Qh6+ Kg8 49.Bg6 Qb2+ 50.Kh3 Qb7
51.Qf4 Qe7 52.Qg4 Kh8 53.Qh5+ Kg8 54.Qg4 Kh8 55.Qh5+ Kg8 56.Qd5 Kg7 57.h5 Qc7
58.Qf5 c3 59.h6+ Kh8 60.Bf7 Rxf7 61.exf7 Qxf7 62.Qc8+ Kh7 63.Qxc3 Qe6+  1/2-1/2

[Event "CRO-Cup"]
[Site "Pula"]
[Date "1995.??.??"]
[Round "5"]
[White "Mohr, Georg"]
[Black "Almasi, Zoltan"]
[Result "1/2-1/2"]
[WhiteElo "2430"]
[BlackElo "2590"]

1.c4 e5 2.Nc3 Nf6 3.Nf3 Nc6 4.a3 g6 5.g3 Bg7 6.Bg2 O-O 7.O-O Qe8 8.e4 d6
9.h3 Nd4 10.d3 Nxf3+ 11.Qxf3 a5 12.b3 Nd7 13.Qd1 Nc5 14.Rb1 h5 15.Be3 h4
16.Qd2 Ne6 17.Ne2 Qe7 18.b4 axb4 19.axb4 Bd7 20.Ra1 Bf6 21.g4 Bg5 22.Bxg5 Qxg5
23.Qxg5 Nxg5 24.f3 Ne6 25.Kf2 b6 26.Ke3 g5 27.Rfb1 Bc6 28.Bf1 Rxa1 29.Rxa1 Ra8
30.Rxa8+ Bxa8 31.d4 exd4+ 32.Nxd4 Nxd4 33.Kxd4 c5+ 34.Kc3 Kg7 35.b5 Kf6 36.Kd3 Ke5
37.Ke3  1/2-1/2

[Event "Hoogovens op"]
[Site "Wijk aan Zee"]
[Date "1995.??.??"]
[Round "4"]
[White "Leko, Peter"]
[Black "Almasi, Zoltan"]
[Result "1/2-1/2"]
[WhiteElo "2555"]
[BlackElo "2590"]

1.e4 e5 2.Nf3 Nc6 3.Bb5 Nf6 4.O-O Nxe4 5.d4 Nd6 6.Bxc6 dxc6 7.dxe5 Nf5 8.Qxd8+ Kxd8
9.Rd1+ Ke8 10.Nc3 Ne7 11.Nd4 a6 12.h3 Ng6 13.f4 Bc5 14.Be3 h5 15.Nce2 Ne7
16.Rd2 Bxd4 17.Nxd4 Nf5  1/2-1/2

[Event "Hoogovens op"]
[Site "Wijk aan Zee"]
[Date "1995.??.??"]
[Round "7"]
[White "Almasi, Zoltan"]
[Black "Zvjaginsev, Vadim"]
[Result "1-0"]
[WhiteElo "2590"]
[BlackElo "2585"]

1.e4 e5 2.Nf3 Nc6 3.Bb5 a6 4.Ba4 Nf6 5.O-O b5 6.Bb3 Bc5 7.c3 d6 8.a4 Rb8
9.d4 Bb6 10.axb5 axb5 11.Na3 Ba6 12.Re1 O-O 13.Bg5 h6 14.Bh4 b4 15.Nc2 Bc8
16.Ba4 Ne7 17.dxe5 dxe5 18.Nxb4 Qxd1 19.Bxd1 Bb7 20.Nxe5 g5 21.Bg3 Nxe4 22.Nd7 Ra8
23.Bf3 f5 24.Bxe4 fxe4 25.Nxf8 Rxf8 26.Re2 h5 27.Rd1 h4 28.Bxc7 Bxc7 29.Rd7  1-0

[Event "Pamplona9697"]
[Site "Pamplona"]
[Date "1996.12.??"]
[Round "1"]
[White "Almasi, Zoltan"]
[Black "Magem Badals, Jorge"]
[Result "1/2-1/2"]
[WhiteElo "2655"]
[BlackElo "2570"]

1.e4 c6 2.d4 d5 3.e5 c5 4.dxc5 Nc6 5.Bb5 e6 6.Be3 Ne7 7.c3 Bd7 8.Bxc6 Nxc6
9.Nf3 Qc7 10.Bd4 Nxd4 11.cxd4 b6 12.cxb6 Qxb6 13.O-O Qxb2 14.Nbd2 Ba3 15.Rb1 Qxa2
16.Rb7 Be7 17.Qc1 Rc8  1/2-1/2

[Event "AUT-chT9697"]
[Site "Austria"]
[Date "1996.??.??"]
[Round "7"]
[White "Almasi, Zoltan"]
[Black "Blatny, Pavel"]
[Result "0-1"]
[WhiteElo "2595"]
[BlackElo "2540"]

1.e4 c6 2.d4 g6 3.Nc3 d5 4.h3 Bg7 5.Nf3 Nf6 6.e5 Ne4 7.Bd2 c5 8.dxc5 O-O
9.Bb5 Bd7 10.Bd3 Nxc5 11.Be3 Nxd3+ 12.Qxd3 Bf5 13.Qxd5 Nc6 14.O-O-O Qc7 15.Qc5 Rac8
16.g4 b6 17.Qb5 Be6 18.Rhe1 Na5 19.Ng5 Bc4 20.Qd7 Qxe5 21.Bd2 Qb8 22.Qxe7 Rc6
23.Kb1 Rfc8 24.b3 h6 25.Nge4 Be6 26.Qh4 g5 27.Bxg5 hxg5 28.Nxg5 Qc7 29.Nb5 Qe7
30.Nd4 Qf6 31.Qh7+ Kf8 32.Ne4 Qe5 33.f4 Qxf4 34.Rf1 Qxe4 35.Qxe4 Nc4 36.Nxe6+ Rxe6
37.Qxe6 Na3+  0-1

[Event "AUT-chT9596"]
[Site "?"]
[Date "1996.??.??"]
[Round "?"]
[White "Rabiega, Robert"]
[Black "Almasi, Zoltan"]
[Result "0-1"]
[WhiteElo "2490"]
[BlackElo "2650"]

1.e4 e5 2.Nf3 Nc6 3.Bb5 a6 4.Ba4 Nf6 5.O-O Be7 6.Re1 b5 7.Bb3 d6 8.c3 O-O
9.h3 Re8 10.Ng5 Rf8 11.Nf3 Na5 12.Bc2 c5 13.d4 Qc7 14.Nbd2 cxd4 15.cxd4 Bb7
16.Nf1 Rac8 17.Bb1 exd4 18.Nxd4 Rfe8 19.Ng3 d5 20.exd5 Bb4 21.Bd2 Bxd2 22.Qxd2 Nc4
23.Rxe8+ Rxe8 24.Qc1 Qe5 25.Nf3 Qxb2 26.Qxb2 Nxb2 27.Bc2 Bxd5 28.Nd4 g6 29.Nf1 Rd8
30.Nb3 Rc8 31.Ne3 Ba8 32.Na5 Nd5 33.Nxd5 Bxd5 34.Bb3 Nc4 35.Rd1 Be6 36.Nb7 Kf8  0-1

[Event "Bern Cup"]
[Site "Bern"]
[Date "1996.??.??"]
[Round "2"]
[White "Almasi, Zoltan"]
[Black "Hickl, Joerg"]
[Result "1/2-1/2"]
[WhiteElo "2650"]
[BlackElo "2580"]

1.e4 g6 2.d4 c6 3.Nc3 d6 4.f4 d5 5.e5 h5 6.Nf3 Bg4 7.Be2 e6 8.Be3 Nh6 9.Qd2 Nf5
10.Bf2 Nd7 11.Ng5 Bxe2 12.Nxe2 c5 13.c4 Nb6 14.cxd5 Qxd5 15.dxc5 Bxc5 16.Qxd5 Bxf2+
17.Kxf2 Nxd5 18.Rhc1 Ke7 19.Rc5 Rhc8 20.Rac1 Rxc5 21.Rxc5 Rd8 22.h3 Nb6 23.Rc7+ Rd7
24.Rxd7+ Nxd7 25.Ne4 f6 26.g4 hxg4 27.hxg4 Ng7 28.exf6+ Nxf6 29.Nxf6 Kxf6
30.Nc3 e5 31.Ne4+ Ke6 32.Ke3 b6 33.Nc3 Ne8  1/2-1/2

[Event "Bern Cup"]
[Site "Bern"]
[Date "1996.??.??"]
[Round "4"]
[White "Almasi, Zoltan"]
[Black "Gurevich, Dmitry"]
[Result "1-0"]
[WhiteElo "2650"]
[BlackElo "2535"]

1.e4 c5 2.Nf3 d6 3.d4 cxd4 4.Nxd4 Nf6 5.Nc3 Nc6 6.Bg5 e6 7.Qd2 Be7 8.O-O-O O-O
9.f4 h6 10.Bh4 e5 11.Nf5 Bxf5 12.exf5 exf4 13.Kb1 d5 14.Bxf6 Bxf6 15.Nxd5 Be5
16.Bc4 b5 17.Bb3 a5 18.a3 b4 19.a4 Nd4 20.Rhe1 Nxb3 21.cxb3 Re8 22.f6 Bxf6
23.Rxe8+ Qxe8 24.Nxf6+ gxf6 25.Qxf4 Qe6 26.Ka2 Kg7 27.h4 Re8 28.Rd6 Qe5 29.Qg4+ Kf8
30.Qd7 Kg7 31.Rd5 Qe6 32.Qb5 Rc8 33.Qxa5 Qe4 34.Rc5 Re8 35.Rc4 Qxg2 36.Qf5 h5
37.Qxh5 Re4 38.Rc8  1-0

[Event "Bern Cup"]
[Site "Bern"]
[Date "1996.??.??"]
[Round "5"]
[White "Almasi, Zoltan"]
[Black "Markowski, Tomasz"]
[Result "1-0"]
[WhiteElo "2650"]
[BlackElo "2535"]

1.e4 c5 2.Nf3 Nc6 3.d4 cxd4 4.Nxd4 Nf6 5.Nc3 e5 6.Ndb5 d6 7.Bg5 a6 8.Na3 b5
9.Bxf6 gxf6 10.Nd5 f5 11.Bd3 Be6 12.O-O Bxd5 13.exd5 Ne7 14.c3 Bg7 15.Qh5 e4
16.Bc2 Qc8 17.Rad1 O-O 18.Bb1 Ng6 19.Kh1 Re8 20.f4 Qc5 21.Nc2 e3 22.Qe2 a5
23.Rf3 Re4 24.Nxe3 Re7 25.Qf2 Nh4 26.Nxf5 Nxf5 27.Qxc5 dxc5 28.Bxf5 Re2 29.d6 Rxb2
30.d7 Rd8 31.Re1 Kf8 32.g4  1-0

[Event "EUCup f"]
[Site "Budapest"]
[Date "1996.??.??"]
[Round "3"]
[White "Loginov, Valery A"]
[Black "Almasi, Zoltan"]
[Result "1-0"]
[WhiteElo "2525"]
[BlackElo "2655"]

1.Nf3 Nf6 2.g3 d5 3.Bg2 c6 4.O-O Bg4 5.c4 e6 6.d3 Nbd7 7.cxd5 cxd5 8.Nc3 Be7
9.a3 O-O 10.b4 a5 11.b5 Bd6 12.Bb2 Qe7 13.h3 Bh5 14.Nh2 Rac8 15.f4 Bc5+ 16.Kh1 Bg6
17.Qe1 h6 18.Na4 Be3 19.Ra2 Qd6 20.Nc3 Qb6 21.a4 Bc5 22.e4 Bb4 23.f5 exf5
24.exf5 Bxf5 25.Rxf5 d4 26.Qf1 dxc3 27.Bc1 Rfe8 28.Rc2 Re6 29.Qf3 Re1+ 30.Nf1 Qe6
31.d4 g6 32.Rf4 b6 33.Be3 Bd6 34.Rh4 Nh5 35.Bf2 Qb3 36.Qd3 Nxg3+ 37.Bxg3 Bxg3
38.Rg4 Bb8 39.Rxg6+  1-0

[Event "Buenos Aires Najdorf"]
[Site "Buenos Aires"]
[Date "1996.??.??"]
[Round "5"]
[White "Almasi, Zoltan"]
[Black "Tiviakov, Sergei"]
[Result "1/2-1/2"]
[WhiteElo "2650"]
[BlackElo "2625"]

1.e4 c5 2.Nf3 Nc6 3.d4 cxd4 4.Nxd4 g6 5.c4 Nf6 6.Nc3 d6 7.Be2 Nxd4 8.Qxd4 Bg7
9.O-O O-O 10.Qd3 Be6 11.Bd2 Nd7 12.b3 a6 13.Rac1 Ne5 14.Qg3 Nc6 15.f4 Nd4
16.Bd3 f5 17.exf5 Bxf5 18.Bxf5 Rxf5 19.Qd3 Qd7 20.Nd5 Raf8 21.Bc3 Nc6 22.Bxg7 Kxg7
23.Qe4 R5f7 24.Rfe1 Qf5 25.Qxf5 Rxf5 26.Rcd1 e5 27.Nc7 Kg8 28.fxe5 dxe5 29.Ne6 R8f7
30.Rd2 Re7 31.Nc5 Kg7 32.Rd6 Rf6 33.Rd5 Rf8 34.h3 Rfe8 35.Rd6 Rc8 36.Nd3 Rce8
37.Re4 Re6 38.Rd5 R6e7 39.Kh2 Kf6 40.Nc5 Kg7 41.Rd6 Rc8 42.Nd3 Rce8 43.b4 a5
44.b5 Nb4 45.Nc1 Rc8 46.Rd2 Rec7 47.Rxe5 Kf6 48.Ree2 a4 49.Rd6+ Kg5 50.a3 Rxc4
51.Re5+ Kh6 52.Ne2 Nc2 53.Ng3 R8c5 54.Re7 Rc7 55.Nf5+ Kg5 56.Rxc7 Rxc7 57.Nd4 Nxd4
58.Rxd4 Rc5  1/2-1/2

[Event "Cacak"]
[Site "Cacak"]
[Date "1996.??.??"]
[Round "5"]
[White "Leko, Peter"]
[Black "Almasi, Zoltan"]
[Result "1/2-1/2"]
[WhiteElo "2630"]
[BlackElo "2655"]

1.e4 c5 2.Nf3 d6 3.d4 cxd4 4.Nxd4 Nf6 5.Nc3 a6 6.Be3 e6 7.g4 e5 8.Nf5 g6
9.g5 gxf5 10.exf5 d5 11.gxf6 d4 12.Bc4 Qc7 13.Qd3 Bb4 14.O-O-O Bxc3 15.Bh6 Bb4
16.f4 Nc6 17.fxe5 Qxe5 18.Bxf7+ Kxf7 19.Qb3+ Be6 20.fxe6+ Qxe6 21.Qg3 Rhg8
22.Qc7+ Kg6 23.Bf4 Qxa2 24.Rhg1+ Kf5 25.Qd7+ Kxf4 26.Rdf1+ Ke5 27.Re1+ Bxe1
28.Rxe1+ Kf4 29.Rf1+ Ke5 30.Re1+ Kf4 31.Rf1+ Ke5  1/2-1/2

[Event "Cacak"]
[Site "Cacak"]
[Date "1996.??.??"]
[Round "6"]
[White "Marinkovic, Ivan"]
[Black "Almasi, Zoltan"]
[Result "1/2-1/2"]
[WhiteElo "2505"]
[BlackElo "2655"]

1.e4 e5 2.Nc3 Nc6 3.g3 Bc5 4.Bg2 a6 5.d3 d6 6.Nf3 Nge7 7.O-O O-O 8.Be3 Bg4
9.h3 Bxf3 10.Qxf3 Nd4 11.Qd1 f5 12.exf5 Nexf5 13.Bxd4 Bxd4 14.Ne2 Ba7 15.d4 c6
16.dxe5 dxe5 17.Qxd8 Raxd8 18.Rad1 h5 19.Rxd8 Rxd8 20.Be4 g6 21.Bd3 Kg7 22.Kg2 b5
23.b3 Nd6 24.Nc3 c5 25.Re1 c4 26.bxc4 bxc4 27.Bf1 Rf8 28.f3 Bd4 29.Nd1 Kf6
30.c3 Bb6 31.Re2 Rc8 32.Rb2 Ba7 33.Rd2 Ke6 34.Be2 a5 35.a4 Rc6 36.g4 hxg4
37.hxg4 g5 38.Nb2 Be3 39.Rxd6+ Kxd6 40.Nxc4+ Rxc4 41.Bxc4 Bd2  1/2-1/2